00286nam a2200121Ia 4500008004100000041001200041082001100053100001600064245002200080260003700102300000800139650001700147221030s9999 xx 000 0 und d aEnglish a105.23 aSwarn Singh 0aWorkshop Practice bS.K.Kataria & SonsaDelhic2006 a257 aBB Mechanics